| 000 | 00364 a2200169 4500 | ||
|---|---|---|---|
| 001 | 191170 | ||
| 020 | _a85-04-00683-2 | ||
| 040 | _cMagnum | ||
| 100 | _aCoelho, Santuza Abras Pinto | ||
| 240 | 1 | 0 |
_aTererĂª _lpor |
| 245 | 1 | 0 | _aTererĂª |
| 300 | _a10 | ||
| 362 | 0 | _a2004 | |
| 440 | 1 | _aCompanhia Editora Nacional | |
| 697 | _aLITERATURA INFANTIL | ||
| 942 | _cBK | ||
| 999 |
_c191170 _d191170 |
||